Conférences internationales de l'instruction publique : (Record no. 46146)
[ view plain ]
| 000 -LEADER | |
|---|---|
| campo de control de longitud fija | 01195nam a2200277 i 4500 |
| 001 - NÚMERO DE CONTROL | |
| campo de control | 46146 |
| 003 - IDENTIFICADOR DE NÚMERO DE CONTROL | |
| campo de control | ES-MaACL |
| 005 - FECHA Y HORA DE LA ÚLTIMA TRANSACCIÓN | |
| campo de control | 20250828084003.0 |
| 007 - CAMPO FIJO DE DESCRIPCIÓN FÍSICA--INFORMACIÓN GENERAL | |
| campo de control de longitud fija | t| |
| 008 - DATOS DE LONGITUD FIJA--INFORMACIÓN GENERAL | |
| campo de control de longitud fija | 030328s1950 sz ||||1| fre d |
| 111 2# - ENTRADA PRINCIPAL--NOMBRE DE CONGRESO/REUNIÓN | |
| Nombre de congreso/reunión o jurisdicción como elemento de entrada | Conférence Internationale de l'Instruction Publique |
| Sede del congreso/Lugar de la reunión | (Genève) |
| 9 (RLIN) | 176 |
| 245 10 - MENCIÓN DEL TÍTULO | |
| Título | Conférences internationales de l'instruction publique : |
| Resto del título | recueil des recommandations, 1934-1950 |
| 260 ## - PUBLICACIÓN, DISTRIBUCIÓN, ETC. | |
| Lugar de publicación, distribución, etc. | Genève : |
| Nombre del editor, distribuidor, etc. | B.I.E, |
| Fecha de publicación, distribución, etc. | [1950] |
| 300 ## - DESCRIPCIÓN FÍSICA | |
| Extensión | 94 p. ; |
| Dimensiones | 24 cm. |
| 490 1# - MENCIÓN DE SERIE | |
| Mención de serie | Publications du Bureau International d'Education ; |
| Designación de volumen o secuencia | 124 |
| 500 ## - NOTA GENERAL | |
| Nota general | Precede al tít.: Organisation des Nations Unies pour l'Education La Science et la Culture |
| 510 ## - NOTA DE CITAS O REFERENCIAS BIBLIOGRÁFICAS | |
| Nombre de la fuente | CCPB, |
| Localización dentro de la fuente | 001422067-9. |
| 650 #4 - PUNTO DE ACCESO ADICIONAL DE MATERIA--TÉRMINO DE MATERIA | |
| 9 (RLIN) | 12279 |
| Término de materia o nombre geográfico como elemento de entrada | Enseñanza |
| 710 20 - ENTRADA AGREGADA--NOMBRE DE ENTIDAD CORPORATIVA | |
| Nombre de entidad corporativa o nombre de jurisdicción como elemento de entrada | Oficina Internacional de Educación |
| 9 (RLIN) | 6022 |
| 830 0# - PUNTO DE ACCESO ADICIONAL DE SERIE-TÍTULO UNIFORME | |
| Título uniforme | Publications du Bureau International d'Education ; |
| Designación de volumen o secuencia | 124 |
| 9 (RLIN) | 181740 |
| 852 ## - LOCALIZACIÓN | |
| Ubicación | ES-MaACL |
| Número de control de estantería | D-6510 |
| Sublocalización o colección | R.30939 |
| -- | R.M.6101 |
| itemnumber | 47869 |
| Ubicación en estantería | Sala Valle Inclán |
| Marcas de propiedad | Sello en tinta azul de la Biblioteca del Ateneo de Madrid. |
| 942 ## - ELEMENTOS DE ENTRADA SECUNDARIOS (KOHA) | |
| Fuente del sistema de clasificación o colocación | Clasificación decimal universal |
| Tipo de ítem Koha | Libro impreso |
| Estatus retirado | Estado de pérdida | Estado de daño | No para préstamo | Biblioteca de origen | Biblioteca actual | Ubicación en estantería | Fecha de adquisición | Fuente de adquisición | Total de préstamos | Signatura topográfica completa | Código de barras | Visto por última vez | Precio de reemplazo | Tipo de ítem Koha |
|---|---|---|---|---|---|---|---|---|---|---|---|---|---|---|
| Biblioteca del Ateneo de Madrid | Biblioteca del Ateneo de Madrid | Sala Valle Inclán | 17/01/2008 | D-6510 | 901048542 | 23/02/2023 | 23/02/2023 | Libro impreso |
